Statistics for Biggest Cities in Belgium on a Map

Click here to take the quiz!

General Stats

  • This quiz has been taken 330 times
  • The average score is 6 of 10

Answers on the Map

Answers color-coded by a green-red scale on the quiz's map according to % correct below.
 

Answer Stats

PopulationCity% Correct
1,909,049Brussels
100%
958,390Antwerp
99%
419,231Ghent
89%
544,670Liège
87%
357,085Charleroi
74%
163,470Leuven
50%
207,760Mons
47%
166,810Hasselt
36%
210,087Kortrijk
36%
141,407La Louvière
20%

Score Distribution

Percentile by Number Answered

Percent of People with Each Score

Your Score History

You have not taken this quiz